Haciendo memoria en el país de nunca jamas (Registro nro. 230)
[ vista simple ]
| 000 -CABECERA | |
|---|---|
| fixed length control field | 00467nam a22001817a 4500 |
| 003 - CONTROL NUMBER IDENTIFIER | |
| control field | AR-BeUNQ |
| 005 - FECHA Y HORA DE LA ULTIMA TRANSACCION | |
| control field | 20220315140526.0 |
| 008 - ELEMENTOS DE LONGITUD FIJA-INFORMACION GENERAL | |
| fixed length control field | 220315s2007 |||a|||| |||| 00| 0 spa d |
| 020 ## - NUMERO INTERNACIONAL NORMALIZADO PARA LIBROS | |
| Número Internacional Normalizado del libro | 9789502312880 |
| 040 ## - FUENTE DE CATALOGACION | |
| Agencia de catalogación original | AR-BeUNQ |
| Agencia que realiza la transcripción | AR-BeUNQ |
| Convenciones de la descripción | aacr |
| 245 ## - MENCION DE TITULO | |
| Título | Haciendo memoria en el país de nunca jamas |
| 250 ## - MENCION DE EDICION | |
| Mención de edición | 2a. ed |
| 260 ## - PUBLICACION, DISTRIBUCION, ETC. | |
| Lugar de publicación, distribución, etc. | Buenos Aires |
| Nombre del editor, distribuidor, etc. | Eudeba |
| Fecha de publicación, distribución, etc | 2007 |
| 300 ## - DESCRIPCION FISICA | |
| Extensión | 224 p. |
| Dimensiones | 24 cm |
| 490 ## - MENCION DE SERIE | |
| Mención de serie | Derechos humanos |
| 650 ## - ASIENTO SECUNDARIO DE MATERIA - TERMINO TEMATICO | |
| Fuente del encabezamiento o términ | Historia |
| Término temático o nombre geográfico como elemento de entrada | spines |
| 942 ## - ELEMENTOS DE PUNTO DE ACCESO ADICIONAL (KOHA) | |
| Tipo de ítem Koha | Libros |
No hay ítems disponibles.